Statistiken für Wirtschafts stärksten Städte Deutschland Top 35

Klicken Sie hier um das Quiz zu spielen!

Allgemein

  • Dieses Quiz wurde 1.087 mal gespielt
  • Das Durchschnittsergebnis liegt bei 27 aus 35

Antwortstatistiken

PlatzAntwort% Korrekt
1Berlin
100%
3München
100%
2Hamburg
99%
4Frankfurt
97%
5Köln
97%
6Stuttgart
97%
15Dresden
92%
8Düsseldorf
92%
17Leipzig
92%
10Bremen
91%
14Dortmund
90%
7Hannover
89%
9Nürnberg
89%
34Kiel
88%
11Essen
85%
33Mainz
81%
18Mannheim
79%
24Augsburg
78%
13Wolfsburg
77%
12Bonn
75%
35Freiburg
75%
23Duisburg
72%
21Wiesbaden
72%
30Bochum
71%
19Karlsruhe
70%
28Bielefeld
69%
16Aachen
68%
25Saarbrücken
66%
20Münster
65%
22Ingolstadt
63%
32Braunschweig
61%
27Wuppertal
58%
31Darmstadt
52%
29Regensburg
52%
26Ludwigshafen
49%

Verteilung der Resultate

Perzentil nach korrekt beantworteten Fragen

Anzahl Personen mit jedem Resultat

Ihre Resultats-Entwicklung

Sie haben dieses Quiz noch nicht gespielt